[Event "GEO-ch Blitz"]
[Site "Tbilisi"]
[Date "2023.12.07"]
[Round "10"]
[White "Sanikidze, Tornike"]
[Black "Benidze, Davit"]
[Result "0-1"]
[WhiteElo "2449"]
[BlackElo "2395"]
[PlyCount "104"]
[EventDate "2023.12.05"]
[EventType "swiss (blitz)"]
[EventRounds "13"]
[EventCountry "GEO"]
[SourceTitle "CB50_2023"]
[SourceDate "2023.12.13"]
[SourceVersion "1"]
[SourceVersionDate "2023.12.13"]
[SourceQuality "1"]

1. d4 Nf6 2. c4 c5 3. d5 g6 4. Nc3 Bg7 5. e4 d6 6. Be2 0-0 7. Be3 e6 8. Nf3 exd5 9. cxd5 a6 10. a4 Nbd7 11. Nd2 Re8 12. 0-0 Rb8 13. Qc2 h6 14. Nc4 Ne5 15. Nxe5 Rxe5 16. f4 Re8 17. Bf3 Ng4 18. Bxg4 Bxg4 19. Kh1 Bd7 20. Qd3 b5 21. axb5 Bxb5 22. Nxb5 axb5 23. Rab1 c4 24. Qc2 Qe7 25. e5 dxe5 26. fxe5 Bxe5 27. Rbe1 Qh4 28. Bg1 Bd6 29. Rd1 Re4 30. Ra1 Rbe8 31. Ra7 R4e7 32. Rxe7 Qxe7 33. Qd2 h5 34. Qa5 Qb7 35. Qc3 Qxd5 36. Qc2 Bc5 37. Rd1 Qc6 38. h3 Bxg1 39. Rxg1 b4 40. Rc1 Re4 41. Qd2 b3 42. Rf1 Qe6 43. Qd8+ Kg7 44. Qd2 Qe5 45. Qd7 Rf4 46. Rb1 Qf6 47. Qd1 Rf2 48. Qd5 Rxb2 49. Rxb2 Qxb2 50. Qxc4 Qa1+ 51. Kh2 b2 52. Qd4+ Kh7 0-1

[Event "GEO-ch Blitz"]
[Site "Tbilisi"]
[Date "2023.12.06"]
[Round "6"]
[White "Benidze, Davit"]
[Black "Tabatadze, Erekle"]
[Result "1-0"]
[WhiteElo "2395"]
[BlackElo "1831"]
[PlyCount "52"]
[EventDate "2023.12.05"]
[EventType "swiss (blitz)"]
[EventRounds "13"]
[EventCountry "GEO"]
[SourceTitle "CB50_2023"]
[SourceDate "2023.12.13"]
[SourceVersion "1"]
[SourceVersionDate "2023.12.13"]
[SourceQuality "1"]

1. Nf3 Nf6 2. g3 g6 3. Bg2 Bg7 4. 0-0 0-0 5. d4 d5 6. c4 c6 7. cxd5 cxd5 8. Nc3 Nc6 9. Ne5 Bf5 10. Nxc6 bxc6 11. Bf4 Qa5 12. Rc1 Qb4 13. b3 Nd7 14. Be3 e5 15. dxe5 Bxe5 16. Na4 Rac8 17. Bxa7 Rfe8 18. Be3 Nf6 19. Bc5 Qb5 20. e3 Bd3 21. Re1 Ne4 22. Bd4 Bxd4 23. exd4 c5 24. dxc5 Qa6 25. Re3 Bb5 26. Nb6 Rc7 1-0

[Event "Poti op 16th"]
[Site "Poti"]
[Date "2023.07.18"]
[Round "7"]
[White "Benidze, Davit"]
[Black "Khojayan, Vardan"]
[Result "0-1"]
[WhiteElo "2405"]
[BlackElo "2203"]
[PlyCount "76"]
[EventDate "2023.07.12"]
[EventType "swiss"]
[EventRounds "9"]
[EventCountry "GEO"]
[SourceTitle "EXT 2024"]
[Source "ChessBase"]
[SourceDate "2023.10.10"]
[SourceVersion "1"]
[SourceVersionDate "2023.10.10"]
[SourceQuality "1"]

1. e4 c5 2. Nf3 d6 3. d4 cxd4 4. Nxd4 Nf6 5. Nc3 a6 6. h3 e5 7. Nde2 Be6 8. g4 h6 9. Bg2 Be7 10. 0-0 Nbd7 11. Ng3 g6 12. Be3 Kf8 13. Qd2 Kg7 14. Nd5 Bxd5 15. exd5 Qc7 16. b3 b5 17. c4 bxc4 18. Rac1 Nb6 19. f4 Nfd7 20. f5 Rac8 21. Ne4 Qd8 22. g5 hxg5 23. f6+ Nxf6 24. Nxf6 Bxf6 25. Rxf6 Qxf6 26. Bxb6 cxb3 27. Rf1 Rc2 28. Qb4 bxa2 29. Rxf6 a1Q+ 30. Rf1 Rxg2+ 31. Kxg2 Qa2+ 32. Kg3 Qxd5 33. Qg4 Qb3+ 34. Qf3 Qxb6 35. Qf6+ Kh7 36. Qe7 Qe3+ 37. Kg2 Qd2+ 38. Kg3 Qe3+ 0-1

[Event "Poti op 15th"]
[Site "Poti"]
[Date "2022.07.20"]
[Round "5"]
[White "Nigalidze, Gaioz"]
[Black "Benidze, Davit"]
[Result "1/2-1/2"]
[WhiteElo "2478"]
[BlackElo "2374"]
[PlyCount "32"]
[EventDate "2022.07.16"]
[EventType "swiss"]
[EventRounds "9"]
[EventCountry "GEO"]
[SourceTitle "CBM 209 Extra"]
[Source "ChessBase"]
[SourceDate "2022.09.30"]
[SourceVersion "1"]
[SourceVersionDate "2022.09.30"]
[SourceQuality "1"]

1. d4 d5 2. Nf3 e6 3. Bf4 Nf6 4. e3 Bd6 5. Nbd2 0-0 6. Bd3 Qe7 7. Ne5 c5 8. c3 Nc6 9. Bg3 Nd7 10. Nxd7 Qxd7 11. Bxd6 Qxd6 12. dxc5 Qxc5 13. Bxh7+ Kxh7 14. Qh5+ Kg8 15. Ne4 g6 16. Qg5 Qe7 1/2-1/2

[Event "Poti op 15th"]
[Site "Poti"]
[Date "2022.07.18"]
[Round "3"]
[White "Sargissyan, Sargis"]
[Black "Benidze, Davit"]
[Result "0-1"]
[WhiteElo "2274"]
[BlackElo "2374"]
[PlyCount "102"]
[EventDate "2022.07.16"]
[EventType "swiss"]
[EventRounds "9"]
[EventCountry "GEO"]
[SourceTitle "CBM 209 Extra"]
[Source "ChessBase"]
[SourceDate "2022.09.30"]
[SourceVersion "1"]
[SourceVersionDate "2022.09.30"]
[SourceQuality "1"]

1. e4 c5 2. Nc3 Nc6 3. Bb5 Nd4 4. Nf3 a6 5. Bd3 Nc6 6. 0-0 d6 7. Nd5 g6 8. c3 Bg7 9. Bc2 Bg4 10. h3 Bxf3 11. Qxf3 e6 12. Ne3 Nge7 13. Qe2 d5 14. d3 h5 15. f4 d4 16. Nd1 dxc3 17. bxc3 Nd4 18. Qf2 Nxc2 19. Qxc2 b5 20. Be3 Rc8 21. Rc1 0-0 22. Nf2 Qd7 23. Qe2 Rfd8 24. Rfd1 b4 25. e5 bxc3 26. Rxc3 Nd5 27. Rc4 Nxe3 28. Qxe3 Qd5 29. Rdc1 Bf8 30. Rb1 Be7 31. Kh2 Rb8 32. Rxb8 Rxb8 33. Qc1 Rb4 34. Qc2 Qb7 35. Ne4 Rb2 36. Qa4 Kg7 37. Rc2 Rb4 38. Qe8 Rd4 39. Nf6 Rd8 40. Rb2 Qc7 41. Rf2 Bxf6 42. exf6+ Kxf6 43. Qa4 Qd6 44. Rf3 Rb8 45. Qa3 Rb4 46. Qc3+ Qd4 47. Qxd4+ Rxd4 48. h4 Ke7 49. g3 Kd6 50. Kg2 Kd5 51. Re3 Rb4 0-1

[Event "Marmaris Karya 19th"]
[Site "Marmaris"]
[Date "2022.05.16"]
[Round "7.1"]
[White "Caglar, Sila"]
[Black "Benidze, Davit"]
[Result "1/2-1/2"]
[WhiteElo "2133"]
[BlackElo "2425"]
[PlyCount "60"]
[EventDate "2022.05.15"]
[EventType "schev"]
[EventRounds "10"]
[EventCountry "TUR"]
[SourceTitle "CBM 208 Extra"]
[Source "ChessBase"]
[SourceDate "2022.07.31"]
[SourceVersion "1"]
[SourceVersionDate "2022.07.31"]
[SourceQuality "1"]

1. e4 g6 2. d4 Bg7 3. Nc3 c6 4. Be3 Qb6 5. Na4 Qa5+ 6. c3 d6 7. b4 Qc7 8. Nf3 Nf6 9. Bd3 Bg4 10. h3 Bxf3 11. Qxf3 Nbd7 12. 0-0 0-0 13. c4 a6 14. Rac1 Rac8 15. Nc3 Qb8 16. a4 e6 17. Qe2 e5 18. d5 c5 19. Rb1 Qc7 20. b5 Nh5 21. Qd2 Nf4 22. Ne2 axb5 23. Rxb5 Nxd3 24. Qxd3 b6 25. Rfb1 Ra8 26. Nc3 Rfb8 27. Bd2 Bf8 28. Be3 Be7 29. Bd2 Bf8 30. Be3 Be7 1/2-1/2

[Event "Marmaris Karya 19th"]
[Site "Marmaris"]
[Date "2022.05.15"]
[Round "1.2"]
[White "Gunduz, Umut Erdem"]
[Black "Benidze, Davit"]
[Result "1/2-1/2"]
[WhiteElo "2316"]
[BlackElo "2425"]
[PlyCount "96"]
[EventDate "2022.05.15"]
[EventType "schev"]
[EventRounds "10"]
[EventCountry "TUR"]
[SourceTitle "CBM 208 Extra"]
[Source "ChessBase"]
[SourceDate "2022.07.31"]
[SourceVersion "1"]
[SourceVersionDate "2022.07.31"]
[SourceQuality "1"]

1. e4 c6 2. d4 d5 3. Nd2 g6 4. Ngf3 Bg7 5. Bd3 Bg4 6. e5 Nh6 7. h3 Bf5 8. Bxf5 Nxf5 9. g4 Nh6 10. Nb3 Na6 11. Bf4 Qd7 12. Qd2 Ng8 13. 0-0-0 e6 14. Ne1 h6 15. Nd3 Ne7 16. h4 h5 17. gxh5 Rxh5 18. Bg5 0-0-0 19. Qa5 Bh6 20. Bxh6 Rxh6 21. Ndc5 Qc7 22. Nxa6 Qxa5 23. Nxa5 bxa6 24. Rh3 Kc7 25. Rb3 Rb8 26. Rxb8 Kxb8 27. Rd3 Rxh4 28. Rb3+ Kc8 29. Rb7 Nf5 30. Rxf7 Rh1+ 31. Kd2 Rh2 32. Nxc6 Rxf2+ 33. Kc3 Rf3+ 34. Kb4 Nxd4 35. Rxf3 Nxf3 36. Ne7+ Kc7 37. Nxg6 Kc6 38. Nf8 Nxe5 39. Nxe6 Nc4 40. Nd4+ Kb6 41. b3 a5+ 42. Kc3 Ne5 43. Ne6 Nc6 44. Nf4 Kc5 45. Nd3+ Kd6 46. a3 Kc7 47. b4 axb4+ 48. axb4 a5 1/2-1/2

[Event "Marmaris Karya 10th"]
[Site "Marmaris"]
[Date "2019.09.02"]
[Round "3.5"]
[White "Altun, Arda"]
[Black "Benidze, Davit"]
[Result "0-1"]
[WhiteElo "2151"]
[BlackElo "2431"]
[PlyCount "94"]
[EventDate "2019.08.28"]
[EventType "schev"]
[EventRounds "10"]
[EventCountry "TUR"]
[SourceTitle "EXT 2020"]
[Source "ChessBase"]
[SourceDate "2019.10.17"]
[SourceVersion "1"]
[SourceVersionDate "2019.10.17"]
[SourceQuality "1"]

1. e4 c5 2. Nf3 e6 3. g3 Nc6 4. Bg2 Nge7 5. 0-0 b6 6. Re1 Bb7 7. c3 d5 8. e5 h6 9. h4 Qc7 10. d4 Nf5 11. Bf4 Be7 12. h5 g5 13. hxg6 fxg6 14. g4 Ng7 15. Qd3 g5 16. Bg3 0-0-0 17. Na3 c4 18. Qg6 Bxa3 19. bxa3 Rdg8 20. a4 Qe7 21. a3 Na5 22. Nd2 h5 23. Qf6 Qd7 24. Qxg5 hxg4 25. Nf1 Nh5 26. Qe3 Qxa4 27. Bh4 Qc2 28. Bf6 Rh7 29. Ng3 Qg6 30. Nxh5 Rxh5 31. Qg3 Qh7 32. Rab1 Bc6 33. Rb4 Nb3 34. Qe3 Qc7 35. Rb1 Rf5 36. Qh6 Kb7 37. Rb2 a5 38. R4xb3 cxb3 39. Rxb3 Ba4 40. Rb1 g3 41. f4 Bc2 42. Rc1 Be4 43. Bxe4 dxe4 44. c4 Ka6 45. Bg5 Qf7 46. Rc2 Rgxg5 47. fxg5 Rf1+ 0-1

[Event "Marmaris Karya 10th"]
[Site "Marmaris"]
[Date "2019.09.02"]
[Round "10.3"]
[White "Benidze, Davit"]
[Black "Caglar, Sila"]
[Result "1/2-1/2"]
[WhiteElo "2431"]
[BlackElo "2242"]
[PlyCount "29"]
[EventDate "2019.08.28"]
[EventType "schev"]
[EventRounds "10"]
[EventCountry "TUR"]
[SourceTitle "EXT 2020"]
[Source "ChessBase"]
[SourceDate "2019.10.17"]
[SourceVersion "1"]
[SourceVersionDate "2019.10.17"]
[SourceQuality "1"]

1. e4 e5 2. Nf3 Nc6 3. Bb5 a6 4. Bxc6 dxc6 5. 0-0 Bg4 6. h3 h5 7. c3 Qd3 8. hxg4 hxg4 9. Nxe5 Bd6 10. Nxd3 Bh2+ 11. Kh1 Bg3+ 12. Kg1 Bh2+ 13. Kh1 Bg3+ 14. Kg1 Bh2+ 15. Kh1 1/2-1/2

[Event "Marmaris Karya 10th"]
[Site "Marmaris"]
[Date "2019.09.02"]
[Round "9.4"]
[White "Sahin, Ozgun"]
[Black "Benidze, Davit"]
[Result "1/2-1/2"]
[WhiteElo "2205"]
[BlackElo "2431"]
[PlyCount "23"]
[EventDate "2019.08.28"]
[EventType "schev"]
[EventRounds "10"]
[EventCountry "TUR"]
[SourceTitle "EXT 2020"]
[Source "ChessBase"]
[SourceDate "2019.10.17"]
[SourceVersion "1"]
[SourceVersionDate "2019.10.17"]
[SourceQuality "1"]

1. e4 e5 2. Nf3 Nc6 3. Bc4 Be7 4. 0-0 Nf6 5. Nc3 0-0 6. d3 d6 7. Re1 Re8 8. Ng5 Rf8 9. Nf3 Re8 10. Ng5 Rf8 11. Nf3 Re8 12. Ng5 1/2-1/2

[Event "Marmaris Karya 9th"]
[Site "Marmaris"]
[Date "2019.08.25"]
[Round "7.5"]
[White "Kirilmaz, Emre"]
[Black "Benidze, Davit"]
[Result "0-1"]
[WhiteElo "2044"]
[BlackElo "2440"]
[PlyCount "60"]
[EventDate "2019.08.24"]
[EventType "schev"]
[EventRounds "10"]
[EventCountry "TUR"]
[SourceTitle "EXT 2020"]
[Source "ChessBase"]
[SourceDate "2019.10.17"]
[SourceVersion "1"]
[SourceVersionDate "2019.10.17"]
[SourceQuality "1"]

1. d4 d6 2. e4 Nf6 3. Bc4 g6 4. Qe2 Nc6 5. Nf3 Bg4 6. c3 Bg7 7. Nbd2 e5 8. d5 Ne7 9. h3 Bd7 10. Bb3 0-0 11. 0-0 Nh5 12. Nc4 h6 13. Re1 Qc8 14. g4 Nf6 15. Nh2 b5 16. Nd2 c6 17. dxc6 Bxc6 18. Nhf1 d5 19. Ng3 Kh8 20. f3 Nh7 21. Kh2 Ng5 22. exd5 Nxd5 23. Nde4 Nf4 24. Qe3 Ngxh3 25. Rh1 Qd8 26. g5 Nxg5 27. Kg1 f5 28. Nc5 Nfh3+ 29. Kg2 f4 30. Ne6 fxe3 0-1

[Event "Marmaris Karya 9th"]
[Site "Marmaris"]
[Date "2019.08.24"]
[Round "2.5"]
[White "Benidze, Davit"]
[Black "Kirilmaz, Emre"]
[Result "1-0"]
[WhiteElo "2440"]
[BlackElo "2044"]
[PlyCount "129"]
[EventDate "2019.08.24"]
[EventType "schev"]
[EventRounds "10"]
[EventCountry "TUR"]
[SourceTitle "EXT 2020"]
[Source "ChessBase"]
[SourceDate "2019.10.17"]
[SourceVersion "1"]
[SourceVersionDate "2019.10.17"]
[SourceQuality "1"]

1. Nf3 d5 2. g3 c6 3. Bg2 Bg4 4. Ne5 Bf5 5. c4 e6 6. 0-0 Nd7 7. Nxd7 Qxd7 8. d3 Nf6 9. Nd2 Bc5 10. cxd5 exd5 11. e4 dxe4 12. dxe4 Bh3 13. Qc2 Bxg2 14. Kxg2 Bb6 15. Nc4 0-0 16. Nxb6 axb6 17. f3 Qe6 18. b3 Rfd8 19. Be3 b5 20. Rad1 h5 21. h3 h4 22. g4 Qe5 23. Qf2 g5 24. Rfe1 Nh7 25. Bd4 Qe6 26. Ba1 f6 27. e5 Rxd1 28. Rxd1 fxe5 29. Re1 Qg6 30. Rxe5 Qb1 31. Bb2 Rxa2 32. Re2 Qd3 33. Rd2 Qxb3 34. Qd4 Rxb2 35. Rxb2 Qf7 36. Re2 Nf8 37. Qe5 Qg7 38. Qc5 Qf6 39. Qe7 Qxe7 40. Rxe7 Ng6 41. Rxb7 Ne5 42. Re7 Nd3 43. Re3 Nf4+ 44. Kh2 b4 45. Re5 Nd3 46. Re3 Nc5 47. Re8+ Kf7 48. Rc8 b3 49. Rxc6 Na4 50. f4 gxf4 51. Kg2 b2 52. Rc7+ Ke6 53. Rb7 Kd5 54. g5 Ke6 55. Kf3 Kf5 56. Rb5+ Kg6 57. Kxf4 Kh5 58. Kf5 Nc3 59. Rxb2 Nd5 60. g6 Ne7+ 61. Kf6 Nxg6 62. Rb8 Kh6 63. Rg8 Kh5 64. Rg7 Nf8 65. Rf7 1-0

[Event "TUR-chT"]
[Site "Konya"]
[Date "2019.07.28"]
[Round "13.2"]
[White "Benidze, Davit"]
[Black "Yilmaz, Mustafa"]
[Result "1/2-1/2"]
[WhiteElo "2469"]
[BlackElo "2618"]
[PlyCount "58"]
[EventDate "2019.07.17"]
[EventType "team-tourn"]
[EventRounds "13"]
[EventCountry "TUR"]
[SourceTitle "CBM 191 Extra"]
[Source "ChessBase"]
[SourceDate "2019.09.30"]
[SourceVersion "1"]
[SourceVersionDate "2019.09.30"]
[SourceQuality "1"]
[WhiteTeam "Kahramanmaras Buyuksehir"]
[BlackTeam "Besiktas Jimnastik"]
[WhiteTeamCountry "TUR"]
[BlackTeamCountry "TUR"]

1. Nf3 d5 2. g3 g6 3. Bg2 Bg7 4. 0-0 e5 5. d3 Ne7 6. e4 0-0 7. c3 a5 8. a4 Nbc6 9. Na3 h6 10. exd5 Nxd5 11. Re1 Re8 12. Nc4 Bf5 13. Nh4 Be6 14. Nf3 Bf5 15. Nh4 Be6 16. Nf3 f6 17. Qc2 Bf7 18. b3 Qd7 19. Bb2 Rad8 20. Rad1 g5 21. d4 exd4 22. Nxd4 Nxd4 23. cxd4 b6 24. Be4 Bf8 25. Bf5 Qc6 26. Bg6 Qd7 27. Bf5 Qc6 28. Bg6 Qd7 29. Bf5 Qc6 1/2-1/2

[Event "TUR-chT"]
[Site "Konya"]
[Date "2019.07.25"]
[Round "10.5"]
[White "Demchenko, Anton"]
[Black "Benidze, Davit"]
[Result "1-0"]
[WhiteElo "2665"]
[BlackElo "2469"]
[PlyCount "51"]
[EventDate "2019.07.17"]
[EventType "team-tourn"]
[EventRounds "13"]
[EventCountry "TUR"]
[SourceTitle "CBM 191 Extra"]
[Source "ChessBase"]
[SourceDate "2019.09.30"]
[SourceVersion "1"]
[SourceVersionDate "2019.09.30"]
[SourceQuality "1"]
[WhiteTeam "Sertel Genclik"]
[BlackTeam "Kahramanmaras Buyuksehir"]
[WhiteTeamCountry "TUR"]
[BlackTeamCountry "TUR"]

1. e4 c6 2. d4 g6 3. Nc3 d5 4. Nf3 Bg7 5. Be2 Nh6 6. Bf4 f6 7. exd5 cxd5 8. Nb5 Na6 9. c4 0-0 10. cxd5 Qxd5 11. 0-0 g5 12. Rc1 Be6 13. Nc3 Qd8 14. Bg3 Nf5 15. d5 Bf7 16. Bd3 Nxg3 17. hxg3 Nc5 18. Bf5 e6 19. dxe6 Nxe6 20. Qc2 h6 21. Rfd1 Qc7 22. Qe4 Rae8 23. Nb5 Qb8 24. Nd6 Nf4 25. Nxe8 Rxe8 26. Qxe8+ 1-0

[Event "TUR-chT"]
[Site "Konya"]
[Date "2019.07.21"]
[Round "5.6"]
[White "Benidze, Davit"]
[Black "Sanal, Vahap"]
[Result "1-0"]
[WhiteElo "2469"]
[BlackElo "2520"]
[PlyCount "67"]
[EventDate "2019.07.17"]
[EventType "team-tourn"]
[EventRounds "13"]
[EventCountry "TUR"]
[SourceTitle "CBM 191 Extra"]
[Source "ChessBase"]
[SourceDate "2019.09.30"]
[SourceVersion "1"]
[SourceVersionDate "2019.09.30"]
[SourceQuality "1"]
[WhiteTeam "Kahramanmaras Buyuksehir"]
[BlackTeam "Deniz su Aquamatch"]
[WhiteTeamCountry "TUR"]
[BlackTeamCountry "TUR"]

1. Nf3 Nf6 2. c4 e6 3. g3 d5 4. Bg2 Be7 5. 0-0 0-0 6. d4 c6 7. Qc2 b6 8. b3 Nbd7 9. Rd1 Bb7 10. Nc3 Rc8 11. e4 a5 12. Bf4 Ba6 13. Bf1 Nxe4 14. Nxe4 dxe4 15. Qxe4 c5 16. Bg2 cxd4 17. Nxd4 Nc5 18. Qe2 Qe8 19. Nb5 Bb7 20. Bxb7 Nxb7 21. Qf3 Nd8 22. Nd6 Qc6 23. Qxc6 Rxc6 24. Nb5 Bf6 25. Rac1 e5 26. Be3 Nb7 27. a3 Rd8 28. Rxd8+ Nxd8 29. Rd1 Be7 30. Na7 Re6 31. Nc8 Kf8 32. Bxb6 Rc6 33. Nxe7 Rxb6 34. Nc8 1-0

[Event "Baku Summer IM"]
[Site "Baku"]
[Date "2019.07.09"]
[Round "9.1"]
[White "Benidze, Davit"]
[Black "Asgarov, Mushfig Nizami"]
[Result "1-0"]
[WhiteElo "2469"]
[BlackElo "2173"]
[PlyCount "49"]
[EventDate "2019.07.03"]
[EventType "team-schev"]
[EventRounds "9"]
[EventCountry "AZE"]
[SourceTitle "EXT 2020"]
[Source "ChessBase"]
[SourceDate "2019.10.17"]
[SourceVersion "1"]
[SourceVersionDate "2019.10.17"]
[SourceQuality "1"]
[WhiteTeam "Experts"]
[BlackTeam "Shatranj"]
[WhiteTeamCountry "AZE"]
[BlackTeamCountry "AZE"]

1. Nf3 Nf6 2. g3 g6 3. b3 Bg7 4. Bb2 0-0 5. Bg2 d6 6. d4 Nbd7 7. 0-0 c6 8. c4 a5 9. Nc3 e5 10. dxe5 dxe5 11. Ng5 h6 12. Nge4 Nxe4 13. Nxe4 f5 14. Nd6 e4 15. Bxg7 Kxg7 16. f3 exf3 17. exf3 Nf6 18. Re1 Bd7 19. Qd4 b6 20. Rad1 c5 21. Qe5 Ra7 22. f4 h5 23. Qe7+ Qxe7 24. Rxe7+ Kg8 25. Nb5 1-0

[Event "Baku Summer IM"]
[Site "Baku"]
[Date "2019.07.07"]
[Round "6.3"]
[White "Afshari, Mohammadparsa"]
[Black "Benidze, Davit"]
[Result "0-1"]
[WhiteElo "1615"]
[BlackElo "2469"]
[PlyCount "54"]
[EventDate "2019.07.03"]
[EventType "team-schev"]
[EventRounds "9"]
[EventCountry "AZE"]
[SourceTitle "CBM 191 Extra"]
[Source "ChessBase"]
[SourceDate "2019.09.30"]
[SourceVersion "1"]
[SourceVersionDate "2019.09.30"]
[SourceQuality "1"]
[WhiteTeam "Shatranj"]
[BlackTeam "Experts"]
[WhiteTeamCountry "AZE"]
[BlackTeamCountry "AZE"]

1. d4 Nf6 2. Bf4 d6 3. e3 Nbd7 4. Nf3 g6 5. c3 Bg7 6. h3 0-0 7. Be2 b6 8. 0-0 Bb7 9. Nbd2 e6 10. a4 a5 11. Rc1 Qe7 12. Bh2 e5 13. c4 Rae8 14. d5 Nc5 15. Nb1 Nfe4 16. Nfd2 Nxd2 17. Nxd2 f5 18. Nb3 Na6 19. Na1 Bc8 20. Nc2 Nc5 21. Na3 f4 22. e4 Nxe4 23. Nb5 Nc5 24. Bg4 Bxg4 25. Qxg4 Nxa4 26. b3 Nc5 27. Rb1 Rf5 0-1